Quiz des Renault Trucks #1 - Statistiques

Statistiques générales
  • Ce quiz a été pris 3 fois
  • Le résultat moyen est 9 sur 12
Statistiques - réponses
Hint Réponse % Correct
Poste occupée par l'homme politique du plateau Adjoint au maire
100%
Je suis le LTS référent du BASE module - SURNOM Big Broyer
100%
Carburant du plateau méthode Café
100%
Le point commun entre Laurent G., Tristan T. et Gaetan R. Chauve
100%
Surnom du créateur de ce quiz LaCarps
100%
Nom du groupe composé de Claude, Thierry et J2M Les Vieux
100%
Partie anatomique régulièrement visible sur les téléphones des collègues Culs
67%
Application préféré des LTS Kola
67%
Nom du process de docking du chassis sur les essieux RSU
67%
Nom de l'usine mère du groupe Tuve
67%
Tic de langage de Zizou Zozotement
67%
Couple en Nm à partir duquel un TOC est nécessaire 60
0%
Aucun quiz correspondant
Distribution des résultats
% des personnes avec chaque résultat
Percentile par nombre de réponses
Votre historique - résultats
Vous n’avez pas pris ce quiz